Bibliografický katalog Československé republiky

Podrobná bibliografia
Hlavný autor: Randé, K. (Autor)
Médium: Kniha
Jazyk:neznámy jazyk
Fyzický popis:745 s.
Vydavateľské údaje: Praha Národní knihovna 1933

MARC

LEADER 00000nam a2200000 a 4500
001 vtls001306248
003 SK-MaSNL
005 20260302070119.0
008 240314s1933 xx 0 und
035 |a SNK000258496 
040 |a SNK  |b slo  |c SNK  |e AACR2 
100 1 |a Randé, K.  |4 aut  |9 632198 
245 1 0 |a Bibliografický katalog Československé republiky 
260 |a Praha  |b Národní knihovna  |c 1933 
300 |a 745 s. 
999 |c 1145596  |d 1147526 
952 |t P60, <04>, [BOOK], {604}  |a SNK  |b SNK  |y VYP  |7 0  |p 17A0101898  |o snkSB 646/1932/P-D3  |0 0  |1 0  |4 0  |d 1997-10-13  |l 0  |r 2005-01-02 00:00:00  |w 2026-02-24